भारत दर्शनः दिल्ली / (Record no. 32831)
[ view plain ]
| 000 -LEADER | |
|---|---|
| fixed length control field | 02337nam a22002537a 4500 |
| 005 - DATE AND TIME OF LATEST TRANSACTION | |
| control field | 20091215110213.0 |
| 020 ## - INTERNATIONAL STANDARD BOOK NUMBER | |
| International Standard Book Number | 8121916488 |
| Terms of availability | 50.00 |
| 035 ## - SYSTEM CONTROL NUMBER | |
| System control number | B-383436-440 |
| 037 ## - SOURCE OF ACQUISITION | |
| Source of stock number/acquisition | एस.चन्द एण्ड कम्पनी/ PUB |
| 082 ## - DEWEY DECIMAL CLASSIFICATION NUMBER | |
| Classification number | 915.4 |
| 100 ## - MAIN ENTRY--PERSONAL NAME | |
| Personal name | खांडपुर, स्वर्ण |
| 245 ## - TITLE STATEMENT | |
| Title | भारत दर्शनः दिल्ली / |
| Statement of responsibility, etc | स्वर्ण खांडपुर; ए.एन.कपूर द्वारा अनुदित |
| 260 ## - PUBLICATION, DISTRIBUTION, ETC. (IMPRINT) | |
| Place of publication, distribution, etc | नई दिल्ली |
| Name of publisher, distributor, etc | एस.चन्द एण्ड कम्पनी |
| Date of publication, distribution, etc | 1998 |
| 270 ## - ADDRESS | |
| Address | रामनगर |
| City | नई दिल्ली |
| Postal code | 110055 |
| Telephone number | 7772080-81-82 |
| Fax number | 91 11 7777446 |
| Electronic mail address | schand@schand.com |
| 300 ## - PHYSICAL DESCRIPTION | |
| Extent | 46पृ. |
| Other physical details | सचित्र |
| Dimensions | 22सेमी (अजिल्द) |
| 700 ## - ADDED ENTRY--PERSONAL NAME | |
| Personal name | कपूर, ए.एन. |
| 9 (RLIN) | 1366 |
| 942 ## - ADDED ENTRY ELEMENTS (KOHA) | |
| Source of classification or shelving scheme | Dewey Decimal Classification |
| Item type | Children Books |
| Classification part | 915.4 |
| Call number suffix | खांडपु |
| Withdrawn status | Lost status | Not for loan | Collection code | Home library | Current library | Date acquired | Source of acquisition | Cost, normal purchase price | Full call number | Barcode | Copy number | Cost, replacement price | Koha item type |
|---|---|---|---|---|---|---|---|---|---|---|---|---|---|
| Non-fiction | Central Library | Central Library | 26/07/2010 | एस.चन्द एण्ड कम्पनी/2894/28.01.10/251/16.01.10/25.03.10 | 50.00 | 915.4 खांडपु | B-383436 | 1 | 50.00 | Children Books | |||
| Non-fiction | R.C.Libraries (BL-IV) | R.C.Libraries (BL-IV) | 26/07/2010 | एस.चन्द एण्ड कम्पनी/2894/28.01.10/251/16.01.10/25.03.10 | 50.00 | 915.4 खांडपु | B-383439 | 2 | 50.00 | Children Books | |||
| Non-fiction | R.C.Libraries (BL-IV) | R.C.Libraries (BL-IV) | 26/07/2010 | एस.चन्द एण्ड कम्पनी/2894/28.01.10/251/16.01.10/25.03.10 | 50.00 | 915.4 खांडपु | B-383440 | 2 | 50.00 | Children Books | |||
| Written-off vide DLB M. No. 383 dt 16.05.19 | Non-fiction | Shahdara Branch | Shahdara Branch | 26/07/2010 | एस.चन्द एण्ड कम्पनी/2894/28.01.10/251/16.01.10/25.03.10 | 50.00 | 915.4 खांडपु | B-383437 | 1 | 50.00 | Children Books | ||
| Non-fiction | Yojana Vihar | Yojana Vihar | 26/07/2010 | एस.चन्द एण्ड कम्पनी/2894/28.01.10/251/16.01.10/25.03.10 | 50.00 | 915.4 खांडपु | B-383438 | 1 | 50.00 | Children Books |
